The Legend Of Zelda Items - Statistics

General Stats
  • This quiz has been taken 36 times
  • The average score is 23 of 36
Answer Stats
Type Item % Correct
Equipment Magical Sword
92%
Equipment White Sword
92%
Inventory Bow
85%
Inventory Bomb
81%
Inventory Boomerang
81%
Inventory Magical Boomerang
81%
Equipment Magical Shield
81%
Navigation Map
81%
Equipment Wooden Shield
81%
Equipment Sword
77%
Other Blue Rupee
73%
Navigation Compass
73%
Navigation Magical Key
73%
Inventory Silver Arrow
73%
Other Yellow Rupee
73%
Inventory 2nd Potion
65%
Inventory Arrow
65%
Other Heart
65%
Inventory Letter
65%
Inventory Life Potion
65%
Other Fairy
62%
Navigation Key
62%
Inventory Blue Candle
58%
Navigation Raft
58%
Inventory Red Candle
58%
Equipment Blue Ring
54%
Inventory Magical Rod
54%
Equipment Red Ring
54%
Navigation Stepladder
50%
Other Heart Container
46%
Inventory Book Of Magic
42%
Inventory Food
42%
Inventory Flute
38%
Equipment Power Bracelet
38%
Other Clock
35%
Other Triforce Shard
23%
No matching quizzes found
Score Distribution
Percent of People with Each Score
Percentile by Number Answered
Your Score History
You have not taken this quiz